000 00546nam a2200205Ia 4500
005 20240913130034.0
008 240913s9999||||xx |||||||||||||| ||und||
020 _a0-7693-0076-6
041 _aENGLISH
082 _A618.9231 P2
100 _aArvedson,Joan C
245 0 _aPediatric Swallowing and Feeding
250 _a2nd
260 _c2002
_bSingular Publishing Group
500 _aREFERENCE
650 _aAudiology Speech and Language Pathology
_bAllied Health Science
700 _a Brodsky,Linda
942 _cREF
999 _c246826
_d246826